| 000 | 01303cam a22003134a 4500 | ||
|---|---|---|---|
| 001 | 16697890 | ||
| 005 | 20170105102852.0 | ||
| 008 | 110318s2011 coua b 001 0 eng | ||
| 010 | _a 2011011235 | ||
| 020 | _a9781935049357 (hardcover : alk. paper) | ||
| 020 | _a1935049356 (hardcover : alk. paper) | ||
| 035 | _a(OCoLC)ocn664327901 | ||
| 040 |
_aDLC _cDLC _dYDX _dYDXCP _dBWX _dDLC |
||
| 042 | _apcc | ||
| 050 | 0 | 0 |
_aHD9000.6 _b.R744 2011 |
| 082 | 0 | 0 |
_a363.8/83 _222 |
| 100 | 1 |
_aRoss, Sandy, _d1966- |
|
| 245 | 1 | 4 |
_aThe World Food Programme in global politics / _cSandy Ross. |
| 260 |
_aBoulder, Colo. : _bFirstForumPress, _c2011. |
||
| 300 |
_axii, 308 p. : _bill. ; _c24 cm. |
||
| 504 | _aIncludes bibliographical references and index. | ||
| 505 | 0 | _aThe World Food Programme in the international system -- The feed-the-hungry norm -- Development of a food aid regime -- The evolution of the World Food Programme -- Inclusion and accountability -- Effectiveness -- Feeding the hungry. | |
| 610 | 2 | 0 | _aWorld Food Programme. |
| 650 | 0 |
_aFood supply _xGovernment policy. |
|
| 650 | 0 | _aInternational cooperation. | |
| 906 |
_a7 _bcbc _corignew _d1 _eecip _f20 _gy-gencatlg |
||
| 942 |
_2ddc _cBK |
||
| 999 |
_c14301 _d14301 |
||